Sledovanie interakcií vybraných liečiv na báze antihistaminík s nanočasticami pomocou elektrochemického senzora

Enregistré dans:
Détails bibliographiques
Auteur principal: Chlaňová, Monika (Auteur)
Autres auteurs: Blaškovičová, Jana (Directeur de thèse)
Format: Manuscrit Livre
Langue:slovaque
Publié: 2021
Sujets:
Accès en ligne:http://is.stuba.sk/zp/portal_zp.pl?podrobnosti=151652
Tags: Ajouter un tag
Pas de tags, Soyez le premier à ajouter un tag!

MARC

LEADER 00000ntm a22000003a 4500
001 stuzp84862
003 SK-STU
005 20210626211841.1
007 ta
008 150427s2015----xo-----f-mn---000-0-slo-d
040 |a STU  |b slo 
041 0 |a slo 
100 1 |a Chlaňová, Monika  |u 041000  |k Z4  |4 aut  |U FCHPT Fakulta chemickej a potravinárskej technológie  |T FCHPT Ústav analytickej chémie  |X 99070  |U C1000  |Y 99  |7 99070 
242 0 1 |a Monitoring the interactions of antihistaminic drugs with selected nanoparticles using electrochemical sensor  |y eng 
245 1 0 |a Sledovanie interakcií vybraných liečiv na báze antihistaminík s nanočasticami pomocou elektrochemického senzora 
260 |c 2021 
650 4 |a antihistaminiká  |2 slo 
650 4 |a elektrochemické metódy  |2 slo 
650 4 |a senzory  |2 slo 
650 4 |a nanomateriály  |2 slo 
650 4 |a electrochemic methods  |2 eng 
650 4 |a sensors  |2 eng 
650 4 |a antihistamines  |2 eng 
650 4 |a nanomaterials  |2 eng 
700 1 |a Blaškovičová, Jana  |u 041000  |k Z1  |4 ths  |U FCHPT Fakulta chemickej a potravinárskej technológie  |T FCHPT Ústav analytickej chémie  |X 66699  |U C1000  |Y 99  |7 A0000066699 
856 4 |u http://is.stuba.sk/zp/portal_zp.pl?podrobnosti=151652